| 000 | 00833nam a2200253Ia 4500 | ||
|---|---|---|---|
| 003 | OSt | ||
| 005 | 20221005111900.0 | ||
| 006 | a|||||r|||| 00| 0 | ||
| 007 | ta | ||
| 008 | 221004b |||||||| |||| 00| 0 san d | ||
| 024 | _a32806 | ||
| 037 | _cTextual | ||
| 040 |
_aCRL _cCRL _bsan |
||
| 041 |
_2san _asan |
||
| 082 | _aO15,2D36,1, 152M1 | ||
| 100 | _aशूद्रक | ||
| 245 | 0 | _aमृच्छकटिकम् | |
| 246 | _aMṛuchchhakaṭikam | ||
| 260 |
_aवाराणसी _bचौखम्बा अमरभारती प्रकाशन भारत _c1981 |
||
| 300 |
_a610पृ. _ccm. |
||
| 490 | _aहरिदास संस्कृत ग्रंथमाला; 252 | ||
| 942 |
_hO15,2D36,1, 152M1 _cTEXL _2cc |
||
| 999 |
_c1023181 _d1023181 |
||